Undang-Undang Umum Jilid Dua : (Record no. 4834)

000 -LEADER
fixed length control field nam a22 7a 4500
003 - CONTROL NUMBER IDENTIFIER
control field AKMAL
005 - DATE AND TIME OF LATEST TRANSACTION
control field 20200714152819.0
008 - FIXED-LENGTH DATA ELEMENTS--GENERAL INFORMATION
fixed length control field 200714s2020 my e l o000 0 may d
020 ## - INTERNATIONAL STANDARD BOOK NUMBER
International Standard Book Number 9789677014268
Terms of availability RM44.00
082 04 - DEWEY DECIMAL CLASSIFICATION NUMBER
Classification number 340.09595 MAL
090 00 - LOCALLY ASSIGNED LC-TYPE CALL NUMBER (OCLC); LOCAL CALL NUMBER (RLIN)
Classification number (OCLC) (R) ; Classification number, CALL (RLIN) (NR) 340.09595
Local cutter number (OCLC) ; Book number/undivided call number, CALL (RLIN) MAL
110 1# - MAIN ENTRY--CORPORATE NAME
Corporate name or jurisdiction name as entry element Malaysia
9 (RLIN) 400
245 10 - TITLE STATEMENT
Title Undang-Undang Umum Jilid Dua :
Number of part/section of a work Perlembagaan Persekutuan Bahagaian III,IV & VI / Akta Pencen 1980, Peraturan-peraturan Pencen 1980 / Akta Kumpulan Wang Simpanan Pekerja 1991, Kaedah-kaedah KWSP 1991, Peraturan-peraturan KWSP 2001. SEMUA PINDAAN HINGGA JANUARI 2019.
Statement of responsibility, etc. Disusun semula oleh : Penasihat Undang-Undang MDC
246 08 - VARYING FORM OF TITLE
Title proper/short title UNDANG-UNDANG UMUM.
Number of part/section of a work JILID DUA
264 #1 - PRODUCTION, PUBLICATION, DISTRIBUTION, MANUFACTURE, AND COPYRIGHT NOTICE
Place of production, publication, distribution, manufacture Kuala Lumpur :
Name of producer, publisher, distributor, manufacturer MDC PUBLISHERS SDN BHD,
Date of production, publication, distribution, manufacture, or copyright notice 2020
300 ## - PHYSICAL DESCRIPTION
Extent 437 pages ;
Dimensions 26 cm
490 1# - SERIES STATEMENT
Series statement UNDANG-UNDANG MALAYSIA
650 10 - SUBJECT ADDED ENTRY--TOPICAL TERM
Topical term or geographic name entry element Constitutional law
Geographic subdivision Malaysia
9 (RLIN) 437
650 20 - SUBJECT ADDED ENTRY--TOPICAL TERM
Topical term or geographic name entry element Pensions
General subdivision Law and legislation
Geographic subdivision Malaysia
9 (RLIN) 438
650 20 - SUBJECT ADDED ENTRY--TOPICAL TERM
Topical term or geographic name entry element Employees' deposits
General subdivision Law and legislation
Geographic subdivision Malaysia
9 (RLIN) 439
710 2# - ADDED ENTRY--CORPORATE NAME
Corporate name or jurisdiction name as entry element Penasihat Undang-Undang MDC,
Relator term compiler.
9 (RLIN) 405
830 #0 - SERIES ADDED ENTRY--UNIFORM TITLE
Uniform title UNDANG-UNDANG MALAYSIA
9 (RLIN) 9198
942 ## - ADDED ENTRY ELEMENTS (KOHA)
Source of classification or shelving scheme
Koha item type Book
Holdings
Withdrawn status Lost status Source of classification or shelving scheme Damaged status Not for loan Collection code Home library Current library Shelving location Date acquired Inventory number Total Checkouts Full call number Barcode Date last seen Date last checked out Price effective from Koha item type
          NON-FICTION AKMAL Melaka AKMAL Melaka PINJAMAN 14.07.2020 011330 4 340.09595 MAL 201707883 07.08.2024 24.06.2024 14.07.2020 Book
Pusat Sumber Maklumat Dato' Haji Sarmin Md Hussin, Akademi Kastam Diraja Malaysia, Melaka
Tel: 06-2331106 | Faks: 06-2313787